<?xml version="1.0" encoding="UTF-8"?>
<record
    xmlns:xsi="http://www.w3.org/2001/XMLSchema-instance"
    xsi:schemaLocation="http://www.loc.gov/MARC21/slim http://www.loc.gov/standards/marcxml/schema/MARC21slim.xsd"
    xmlns="http://www.loc.gov/MARC21/slim">

  <leader>01459    a2200181   4500</leader>
  <controlfield tag="003">Nust</controlfield>
  <controlfield tag="005">20221220115712.0</controlfield>
  <datafield tag="040" ind1=" " ind2=" ">
    <subfield code="c">Nust</subfield>
  </datafield>
  <datafield tag="082" ind1=" " ind2=" ">
    <subfield code="a">621.384,MAR</subfield>
  </datafield>
  <datafield tag="100" ind1=" " ind2=" ">
    <subfield code="a">Marcus, Abraham</subfield>
    <subfield code="9">40045</subfield>
  </datafield>
  <datafield tag="245" ind1=" " ind2=" ">
    <subfield code="a">Radio for beginners :</subfield>
    <subfield code="b">a self-teaching course, based on elements of Radio /</subfield>
    <subfield code="c">Marcus, Abraham</subfield>
  </datafield>
  <datafield tag="260" ind1=" " ind2=" ">
    <subfield code="a">USA</subfield>
    <subfield code="b">Forces Institue</subfield>
    <subfield code="c">1943</subfield>
  </datafield>
  <datafield tag="300" ind1=" " ind2=" ">
    <subfield code="a">313:p</subfield>
  </datafield>
  <datafield tag="505" ind1=" " ind2=" ">
    <subfield code="a">Wave Motion (Page-1), Wave in Ether (Page-7), A Simple Radio Receiving Set (Page-13), The Arial-Ground System (Page-20), The Tuner (Page-24), The Reproducer (Page-31), The Detector (Page-39), Wave form (Page-46), The Antenna Coupler (Page-60), Electron Flow in the Arial-Ground System (Page-68), Electron Flow in the Tuning Circuit  (Page-75), Electron Flow in the Crystal Detector and Phones (Page-85), Vacuum-Tube Detector-the Diode (Page-92), The Vacuum &#x2013;Tube Detector-the Triode (Page-100), Regenerative Detector (Page-117), The Audio-Frequency Amplifier (Page-127), Eliminating the B Battery (Page-146), Eliminating the  A Battery (Page-160), Eliminating the C Battery (Page-167), The A.C-D.C Power Supplies (Page-173), The Dynamic Speaker (Page-178), The Audio-Frequency Amplifier (Page-185), Volume Control (Page-204), Tone Control  (Page-217), The Superheterodyne Receiver (Page-224), Types of Vacuum Tubes (Page-241), Final Tests A, B, C, D, E, F, (Page-272).</subfield>
  </datafield>
  <datafield tag="600" ind1=" " ind2=" ">
    <subfield code="a">Marcus, Abraham</subfield>
    <subfield code="9">40045</subfield>
  </datafield>
  <datafield tag="650" ind1=" " ind2=" ">
    <subfield code="a">Radio for beginners</subfield>
    <subfield code="9">105334</subfield>
  </datafield>
  <datafield tag="942" ind1=" " ind2=" ">
    <subfield code="2">ddc</subfield>
    <subfield code="c">BK</subfield>
  </datafield>
  <datafield tag="999" ind1=" " ind2=" ">
    <subfield code="c">183066</subfield>
    <subfield code="d">183066</subfield>
  </datafield>
  <datafield tag="952" ind1=" " ind2=" ">
    <subfield code="0">0</subfield>
    <subfield code="1">0</subfield>
    <subfield code="2">ddc</subfield>
    <subfield code="4">0</subfield>
    <subfield code="7">0</subfield>
    <subfield code="a">MCS</subfield>
    <subfield code="b">MCS</subfield>
    <subfield code="c">GEN</subfield>
    <subfield code="d">2016-12-12</subfield>
    <subfield code="o">621.384,MAR</subfield>
    <subfield code="p">MCS7088</subfield>
    <subfield code="r">2016-12-08</subfield>
    <subfield code="w">2016-12-12</subfield>
    <subfield code="y">BK</subfield>
    <subfield code="z">Almirah No.38, Shelf No.3</subfield>
  </datafield>
  <datafield tag="952" ind1=" " ind2=" ">
    <subfield code="0">0</subfield>
    <subfield code="1">0</subfield>
    <subfield code="2">ddc</subfield>
    <subfield code="4">0</subfield>
    <subfield code="7">0</subfield>
    <subfield code="a">MCS</subfield>
    <subfield code="b">MCS</subfield>
    <subfield code="c">GEN</subfield>
    <subfield code="d">2016-12-12</subfield>
    <subfield code="o">621.384,MAR</subfield>
    <subfield code="p">MCS7089</subfield>
    <subfield code="r">2016-12-08</subfield>
    <subfield code="w">2016-12-12</subfield>
    <subfield code="y">BK</subfield>
    <subfield code="z">Almirah No.84, Shelf No.1</subfield>
  </datafield>
</record>
